| 000 | 00523nam a2200181Ia 4500 | ||
|---|---|---|---|
| 001 | 19803 | ||
| 005 | 20260306172719.0 | ||
| 008 | 260306t2012||||xx |||||||||||||| ||spa|| | ||
| 041 | _aESP | ||
| 082 |
_a341.1 _bM26D |
||
| 100 |
_aMartínez Morán, Narciso, _eAUT |
||
| 245 | 0 |
_aDiecisiete lecciones de teoría del derecho : _b(manual adaptado al sistema del Espacio Europeo de Educación Superior) |
|
| 260 | _c2012 | ||
| 300 |
_a356 páginas : _c24 cm. |
||
| 650 | _aGEN | ||
| 654 | _aCDE | ||
| 942 |
_cLIB _dJUS _fJUS _2ddc _n |
||
| 999 |
_c19803 _d19803 |
||